000 00240nam a2200097Ia 4500
008 220204s9999 xx 000 0 und d
082 _a82-36 TIN
_bHER
245 4 _aThe Adventures of Tintin: Destination Moon
260 _aMagnet
942 _cBK
999 _c37915
_d37915